Identifikácia spotrebiteľských segmentov ekologických inovácií a ochrany ich práv
Anglický pojem „greenwashing“ znamená zavádzanie zákazníkov a verejnej mienky v oblasti firemných environmentálnych cieľov. Greenwashing môže nadobúdať tri formy zavádzania: confusing, fronting, posturing. Identifikácia spotrebiteľských segmentov ekologických inovácií a ochrany ich práv prostredníct...
Uložené v:
| Hlavný autor: | |
|---|---|
| Médium: | Kapitola |
| Jazyk: | Slovak |
| Predmet: | |
| Tagy: |
Žiadne tagy, Buďte prvý, kto otaguje tento záznam!
|
MARC
| LEADER | 00000naa a2200000 4500 | ||
|---|---|---|---|
| 001 | 0272411 | ||
| 005 | 20231110133419.8 | ||
| 041 | 0 | |a slo | |
| 044 | |a SK | ||
| 245 | 1 | 0 | |a Identifikácia spotrebiteľských segmentov ekologických inovácií a ochrany ich práv |c Erika Loučanová |
| 520 | |a Anglický pojem „greenwashing“ znamená zavádzanie zákazníkov a verejnej mienky v oblasti firemných environmentálnych cieľov. Greenwashing môže nadobúdať tri formy zavádzania: confusing, fronting, posturing. Identifikácia spotrebiteľských segmentov ekologických inovácií a ochrany ich práv prostredníctvom modelu Kano. | ||
| 610 | 2 | 0 | |a inovácie environmentálne |
| 610 | 2 | 0 | |a greenwashing |
| 610 | 2 | 0 | |a spotrebitelia |
| 610 | 2 | 0 | |a správanie spotrebiteľa |
| 610 | 2 | 0 | |a práva spotrebiteľské |
| 100 | 1 | |a Loučanová, Erika | |